01920nam a2200277 a 4500001001000000005001700010008004100027041000800068044000700076084002000083100004500103245009500148260004500243300002200288500033800310500016300648500048800811500003901299500000901338650005201347650005601399650003401455650004501489700005801534740005001592BRCA_246820190320203826.0191108s1832----sp-a---###---#000-0#spa-u aspa asp a108b.G68c18321 aCervantes Saavedra, Miguel ded1547-161610aEl Ingenioso Hidalgo Don Quijote de la Manchaccompuesto por Miguel de Cervantes Saavedra. aBarcelonabViuda e hijos de Gorchsc1832 a6 v.bil.c21 cm. aContenido : v 1. Primera parte. Retrato de Cervantes. Advertencia. Dedicatoria de los editores. Dedicatoria. Prólogo del autor. Versos preliminares. Notas y observaciones de Pellicer. Advertencia de los editores. Texto. -- v 2. Texto. -- v 3. Segunda parte. Dedicatoria. Prólogo del autor. Texto. -- v 4. Texto. -- v 5. Texto. -- aEdición : Nueva edición conforme en todo la última de la Real Academia Española, y con las notas de J. A. Pellicer, dedicada a la Nación española. aSin pretenciones de lujo, pero esmeradamente corregida e impresa con grandes y hermosos tipos, por las eruditas notas de Pellicer y Bastús, que reunieron en ellas cuantos datos y noticias tenían de Cervantes hasta entonces, es esta edición digna de ocupar un lugar preferente entre las llamadas clásicas. Los dibujos están tomados de la primera y de la última ediciones de la Academia, y de nuevo grabados por Masferrer. Piel; lomeras con adornos dorados Lúdovik Osterc aExistencias : Falta el volúmen 6 aQM8714aNovela españolayÉpoca clásica, 1500-170014aLiteratura españolayÉpoca clásica, 1500-170014aNovela españolaySiglo XVII14aDon Quijote (Personaje ficticio)eNovela1 aPellicer y Pilares, Juan Antoniod1738-1806eAnotador0 aEl Ingenioso Hidalgo Don Quijote de la Mancha